<?xml version="1.0" encoding="UTF-8"?>
<record
    xmlns:xsi="http://www.w3.org/2001/XMLSchema-instance"
    xsi:schemaLocation="http://www.loc.gov/MARC21/slim http://www.loc.gov/standards/marcxml/schema/MARC21slim.xsd"
    xmlns="http://www.loc.gov/MARC21/slim">

  <leader>01669nam a22002657a 4500</leader>
  <controlfield tag="003">NALT</controlfield>
  <controlfield tag="005">20251125232957.0</controlfield>
  <controlfield tag="008">      s2548    th                  tha d</controlfield>
  <datafield tag="040" ind1=" " ind2=" ">
    <subfield code="a">NALT</subfield>
  </datafield>
  <datafield tag="041" ind1=" " ind2=" ">
    <subfield code="a">tha</subfield>
  </datafield>
  <datafield tag="090" ind1=" " ind2=" ">
    <subfield code="a">KF 43</subfield>
    <subfield code="b">&#xE22;349&#xE04; 2548</subfield>
  </datafield>
  <datafield tag="110" ind1="2" ind2=" ">
    <subfield code="a">&#xE01;&#xE23;&#xE30;&#xE17;&#xE23;&#xE27;&#xE07;&#xE22;&#xE38;&#xE15;&#xE34;&#xE18;&#xE23;&#xE23;&#xE21;.</subfield>
    <subfield code="b">&#xE01;&#xE23;&#xE21;&#xE04;&#xE38;&#xE49;&#xE21;&#xE04;&#xE23;&#xE2D;&#xE07;&#xE2A;&#xE34;&#xE17;&#xE18;&#xE34;&#xE41;&#xE25;&#xE30;&#xE40;&#xE2A;&#xE23;&#xE35;&#xE20;&#xE32;&#xE1E;</subfield>
    <subfield code="9">1199</subfield>
  </datafield>
  <datafield tag="245" ind1="1" ind2="0">
    <subfield code="a">&#xE04;&#xE39;&#xE48;&#xE21;&#xE37;&#xE2D;&#xE23;&#xE32;&#xE22;&#xE07;&#xE32;&#xE19;&#xE1B;&#xE23;&#xE30;&#xE40;&#xE17;&#xE28;&#xE15;&#xE32;&#xE21;&#xE2A;&#xE19;&#xE18;&#xE34;&#xE2A;&#xE31;&#xE0D;&#xE0D;&#xE32;&#xE23;&#xE30;&#xE2B;&#xE27;&#xE48;&#xE32;&#xE07;&#xE1B;&#xE23;&#xE30;&#xE40;&#xE17;&#xE28;&#xE17;&#xE35;&#xE48;&#xE1B;&#xE23;&#xE30;&#xE40;&#xE17;&#xE28;&#xE44;&#xE17;&#xE22;&#xE40;&#xE1B;&#xE47;&#xE19;&#xE20;&#xE32;&#xE04;&#xE35; /</subfield>
    <subfield code="c">&#xE01;&#xE23;&#xE21;&#xE04;&#xE38;&#xE49;&#xE21;&#xE04;&#xE23;&#xE2D;&#xE07;&#xE2A;&#xE34;&#xE17;&#xE18;&#xE34;&#xE41;&#xE25;&#xE30;&#xE40;&#xE2A;&#xE23;&#xE35;&#xE20;&#xE32;&#xE1E; &#xE01;&#xE23;&#xE30;&#xE17;&#xE23;&#xE27;&#xE07;&#xE22;&#xE38;&#xE15;&#xE34;&#xE18;&#xE23;&#xE23;&#xE21;, </subfield>
  </datafield>
  <datafield tag="260" ind1=" " ind2=" ">
    <subfield code="a">&#xE01;&#xE23;&#xE38;&#xE07;&#xE40;&#xE17;&#xE1E;&#xE2F; : </subfield>
    <subfield code="b">&#xE01;&#xE23;&#xE21;&#xE04;&#xE38;&#xE49;&#xE21;&#xE04;&#xE23;&#xE2D;&#xE07;&#xE2A;&#xE34;&#xE17;&#xE18;&#xE34;&#xE41;&#xE25;&#xE30;&#xE40;&#xE2A;&#xE23;&#xE35;&#xE20;&#xE32;&#xE1E; &#xE01;&#xE23;&#xE30;&#xE17;&#xE23;&#xE27;&#xE07;&#xE22;&#xE38;&#xE15;&#xE34;&#xE18;&#xE23;&#xE23;&#xE21;, </subfield>
    <subfield code="c">2548</subfield>
  </datafield>
  <datafield tag="300" ind1=" " ind2=" ">
    <subfield code="a">128 &#xE2B;&#xE19;&#xE49;&#xE32; ;</subfield>
    <subfield code="c">29 &#xE0B;&#xE21;.</subfield>
  </datafield>
  <datafield tag="610" ind1=" " ind2=" ">
    <subfield code="a">&#xE01;&#xE23;&#xE30;&#xE17;&#xE23;&#xE27;&#xE07;&#xE22;&#xE38;&#xE15;&#xE34;&#xE18;&#xE23;&#xE23;&#xE21;. &#xE01;&#xE23;&#xE21;&#xE04;&#xE38;&#xE49;&#xE21;&#xE04;&#xE23;&#xE2D;&#xE07;&#xE2A;&#xE34;&#xE17;&#xE18;&#xE34;&#xE41;&#xE25;&#xE30;&#xE40;&#xE2A;&#xE23;&#xE35;&#xE20;&#xE32;&#xE1E;</subfield>
  </datafield>
  <datafield tag="650" ind1="0" ind2="4">
    <subfield code="a">&#xE2A;&#xE34;&#xE17;&#xE18;&#xE34;&#xE21;&#xE19;&#xE38;&#xE29;&#xE22;&#xE0A;&#xE19; -- &#xE2A;&#xE19;&#xE18;&#xE34;&#xE2A;&#xE31;&#xE0D;&#xE0D;&#xE32;</subfield>
  </datafield>
  <datafield tag="650" ind1="0" ind2="4">
    <subfield code="a">&#xE2A;&#xE31;&#xE0D;&#xE0D;&#xE32;&#xE23;&#xE30;&#xE2B;&#xE27;&#xE48;&#xE32;&#xE07;&#xE1B;&#xE23;&#xE30;&#xE40;&#xE17;&#xE28; -- &#xE14;&#xE49;&#xE32;&#xE19;&#xE2A;&#xE34;&#xE17;&#xE18;&#xE34;&#xE21;&#xE19;&#xE38;&#xE29;&#xE22;&#xE0A;&#xE19;</subfield>
  </datafield>
  <datafield tag="650" ind1="0" ind2="4">
    <subfield code="a">&#xE2A;&#xE34;&#xE17;&#xE18;&#xE34;&#xE21;&#xE19;&#xE38;&#xE29;&#xE22;&#xE0A;&#xE19; -- &#xE04;&#xE27;&#xE32;&#xE21;&#xE23;&#xE48;&#xE27;&#xE21;&#xE21;&#xE37;&#xE2D;&#xE23;&#xE30;&#xE2B;&#xE27;&#xE48;&#xE32;&#xE07;&#xE1B;&#xE23;&#xE30;&#xE40;&#xE17;&#xE28;</subfield>
  </datafield>
  <datafield tag="650" ind1="0" ind2="4">
    <subfield code="a">&#xE2A;&#xE34;&#xE17;&#xE18;&#xE34;&#xE21;&#xE19;&#xE38;&#xE29;&#xE22;&#xE0A;&#xE19; -- &#xE44;&#xE17;&#xE22;</subfield>
  </datafield>
  <datafield tag="850" ind1=" " ind2=" ">
    <subfield code="a">NALT</subfield>
  </datafield>
  <datafield tag="856" ind1="4" ind2="0">
    <subfield code="u">https://hdl.handle.net/20.500.14156/301213</subfield>
  </datafield>
  <datafield tag="942" ind1=" " ind2=" ">
    <subfield code="c">LB</subfield>
    <subfield code="2">local</subfield>
  </datafield>
  <datafield tag="999" ind1=" " ind2=" ">
    <subfield code="c">46762</subfield>
    <subfield code="d">46762</subfield>
  </datafield>
  <datafield tag="998" ind1=" " ind2=" ">
    <subfield code="j">104</subfield>
    <subfield code="k"> &#xE19;&#xE32;&#xE07;&#xE2A;&#xE32;&#xE27;&#xE2A;&#xE32;&#xE22;&#xE1D;&#xE19;  &#xE14;&#xE35;&#xE07;&#xE32;&#xE21;</subfield>
  </datafield>
  <datafield tag="952" ind1=" " ind2=" ">
    <subfield code="0">0</subfield>
    <subfield code="1">0</subfield>
    <subfield code="4">0</subfield>
    <subfield code="7">0</subfield>
    <subfield code="8">CLAW</subfield>
    <subfield code="a">NALT</subfield>
    <subfield code="b">NALT</subfield>
    <subfield code="l">1</subfield>
    <subfield code="m">1</subfield>
    <subfield code="o">KF 43 &#xE22;349&#xE04; 2548</subfield>
    <subfield code="p">3961168224</subfield>
    <subfield code="r">2017-10-20 00:00:00</subfield>
    <subfield code="s">2017-10-10</subfield>
    <subfield code="w">2017-06-09</subfield>
    <subfield code="y">LB</subfield>
  </datafield>
</record>
